| 000 | 01305nam a2200337 i 4500 | ||
|---|---|---|---|
| 001 | 8199 | ||
| 003 | KOSZ 005 | ||
| 005 | 20220318140347.0 | ||
| 008 | 080313s1963 pl a f f 000 0 pol | ||
| 015 | _aPB 1963/912 | ||
| 040 |
_aWA N _cKOSZ 005/RW _dKOSZ 005/RW |
||
| 080 | _a621.3 | ||
| 100 | 1 |
_aWołkowiński, Konstanty _eAutor |
|
| 245 | 1 | 0 |
_aInstalacje elektroenergetyczne : _bzagadnienia wybrane / _cKonstanty Wołkowiński. |
| 260 |
_aWarszawa : _bWydawnictwa Naukowo-Techniczne, _c1963. |
||
| 300 |
_a348, [2] s. : _bil. ; _c25 cm. |
||
| 380 | _aKsiążki. | ||
| 500 | _aWspółudz. Tadeusz Kahl, Mieczysław Papierniak, Zdzisław Teresiak. | ||
| 504 | _aBibliogr. s. 345-[349]. | ||
| 521 | 8 | _aDla studentów, techników, inżynierów i uczniów techników elektroenergetycznych. | |
| 650 | 4 | _aElektroenergetyka | |
| 650 | 4 | _aUrządzenia | |
| 655 | 4 | _aPodręcznik | |
| 658 | _aInżynieria i technika | ||
| 700 | 1 |
_aKahl, Tadeusz _d(1907-1982) _eAutor |
|
| 700 | 1 |
_aPapierniak, Mieczysław _eAutor |
|
| 700 | 1 |
_aTeresiak, Zdzisław _d(1925- ) _eAutor |
|
| 710 | 2 |
_aWydawnictwa Naukowo-Techniczne _4pbl. |
|
| 856 |
_uhttp://koha.tu.koszalin.pl/cgi-bin/koha/opac-detail.pl?biblionumber=8199 _yKatalog online BPK |
||
| 942 |
_2UKD _cKS |
||
| 999 |
_c8199 _d8199 |
||